| 000 | 00557nam a2200193Ia 4500 | ||
|---|---|---|---|
| 999 |
_c34774 _d34774 |
||
| 003 | GCL | ||
| 005 | 20240530102815.0 | ||
| 008 | 140319s9999 xx 000 0 ara d | ||
| 040 |
_aGCL / _cGCL |
||
| 082 | 0 | 4 |
_a001.2 _bم أ |
| 100 | 1 | _aنوال محمد عمر | |
| 245 | 1 | 0 |
_aالاعلام والمخدرات / _cنوال محمد عمر |
| 260 |
_a[S.N] : _bالمؤسسة العربية الحديثة |
||
| 490 |
_aادبيات _v0 |
||
| 650 | 0 | 4 | _aالادب العربى |
| 650 | 0 | 4 | _aالثقافة |
| 650 | 0 | 4 | _aالفنون |
| 942 |
_2ddc _cBK |
||